000 01303nam a2200241Ia 4500
003 Ost
005 20260416102358.0
008 260416s9999||||xx |||||||||||||| ||und||
040 _cfsecg
041 _aara
082 _a332.1
100 _aطاهري الصديق
_eمؤلف
245 0 _a تقنيات وأعمال البنوك :
_bمحاضرات و تمارين محلولة : موجهة لطلبة السنة الثالثة LMD ، تخصص : اقتصاد نقدي و بنكي /
_c طاهري الصديق
260 _aالجزائر
_bجامعة الجزائر3: كلية العلوم الإقتصادية، العلوم التجارية وعلوم التسيير
_c2019
300 _a70 ورقة
_bايضاحات
_c30 سم
504 _aمراجع ص.68
520 _aالاطار المفاهيمي للبنوك ، القروض البنكية ، السياسة الائتمانية ،المخاطر الائتمانية و تطبيقات و تمارين محلولة و نماذج امتحانات .
653 _aالائتمان
653 _aالبنوك
653 _aالقروض المصرفية
710 _aجامعة الجزائر3: كلية العلوم الإقتصادية، العلوم التجارية وعلوم التسيير
_eناشر علمي
942 _cHANDOUT
999 _c41310
_d41310